Estudio y análisis de las distorsiones causadas por los armónicos y su efecto en la calidad de la energía eléctrica
Presenta un estudio y análisis de las distorsiones causadas por los armónicos y su efecto en la calidad de la energía eléctrica. El proceso de reformas a la industria eléctrica contiene particularidades que lo diferencian en cada país, existe un elemento que engloba a todos los subsectores ele...
| Main Author: | |
|---|---|
| Other Authors: | |
| Format: | Tesis Section = Libro |
| Language: | Undetermined Spanish |
| Published: |
Managua
UNI
2001
|
| Subjects: |
| LEADER | 01335nam a2200241Ia 4500 | ||
|---|---|---|---|
| 008 | 240830s9999 xx 000 0 und d | ||
| 040 | |a BIBLIOTECA-RUSB/ Mon 621.31 J37 | ||
| 041 | |a spa | ||
| 082 | |a Mon 621.31 J37 | ||
| 100 | 1 | |a Jarquín, Blanca Rosa | |
| 245 | 1 | 0 | |a Estudio y análisis de las distorsiones causadas por los armónicos y su efecto en la calidad de la energía eléctrica |
| 260 | |a Managua |b UNI |c 2001 | ||
| 300 | |a 167 p. :il. | ||
| 500 | |a Contiene: apéndices. | ||
| 502 | |a Tesis (Ingeniero Eléctrico) - UNI, 2001. | ||
| 520 | 3 | |a Presenta un estudio y análisis de las distorsiones causadas por los armónicos y su efecto en la calidad de la energía eléctrica. El proceso de reformas a la industria eléctrica contiene particularidades que lo diferencian en cada país, existe un elemento que engloba a todos los subsectores eléctricos y por ende puede ser considerado como una generalidad, se refiere al hecho de que la industria eléctrica debería proveer en cantidad y calidad adecuada, la energía eléctrica necesaria a todos . | |
| 650 | 7 | |a ENERGIA ELECTRICA - CALIDAD - ARMONICOS | |
| 650 | 7 | |b DISTORSION ARMONICA - ENERGIA ELECTRICA | |
| 650 | 7 | |c ESTUDIO - DISTORCIONES ARMONICAS | |
| 700 | 1 | |a Tutor: |b Zelaya Zelaya, Rody Alberto | |
| 942 | |c BK |2 ddc | ||
| 991 | |a TESIS | ||
| 999 | |c 20094 | ||